| 000 | 00445cam a22001814a 4500 | ||
|---|---|---|---|
| 005 | 20250605164325.0 | ||
| 008 | 250528s ||||||||||||||||||||||||d | ||
| 035 | _a23011 | ||
| 020 | _a9780133564945 | ||
| 040 |
_aGR-AtMCL _bgre _dGR-AtMCL _eAACR2 |
||
| 245 | 1 | _aTHE ESSENCE OF INTERNATIONAL MONEY | |
| 260 |
_bPrentice Hall, _c1996 |
||
| 300 | _a182 | ||
| 700 | 1 |
_aBuckley Adrian _91011 |
|
| 942 | _cBK | ||
| 999 |
_c8052 _d8052 |
||